000
00210nam a22000977a 4500
999
_c
16245
_d
16245
003
OSt
008
200625b ||||| |||| 00| 0 eng d
100
_a
G Sankarapilla
_9
4643
245
_a
Abhayarthikal
942
_c
BK